Kinh doanh dịch vụ quốc tế Sách chuyên khảo

Trình bày tổng quan về kinh doanh dịch vụ; Kinh doanh dịch vụ Logistics; Kinh doanh dịch vụ du lịch quốc tế; Dịch vụ xuất khẩu lao động; Dịch vụ tài chính quốc tế; Kinh doanh dịch vụ bảo hiểm quốc tế

সংরক্ষণ করুন:
গ্রন্থ-পঞ্জীর বিবরন
প্রধান লেখক: Nguyễn, Thị Hường
অন্যান্য লেখক: Trường Đại học Kinh tế quốc dân. Viện thương mại và Kinh tế quốc tế
বিন্যাস: গ্রন্থ
ভাষা:Undetermined
প্রকাশিত: H. Đại học kinh tế quốc dân 2013
বিষয়গুলি:
অনলাইন ব্যবহার করুন:http://lrc.tdmu.edu.vn/opac/search/detail.asp?aID=2&ID=31376
ট্যাগগুলো: ট্যাগ যুক্ত করুন
কোনো ট্যাগ নেই, প্রথমজন হিসাবে ট্যাগ করুন!
Thư viện lưu trữ: Trung tâm Học liệu Trường Đại học Thủ Dầu Một
LEADER 01160nam a2200229Ia 4500
001 TDMU_31376
008 210410s9999 xx 000 0 und d
082 |a 330 
090 |b NG527 
100 |a Nguyễn, Thị Hường 
245 0 |a Kinh doanh dịch vụ quốc tế 
245 0 |b Sách chuyên khảo 
245 0 |c Nguyễn Thị Hường 
260 |a H. 
260 |b Đại học kinh tế quốc dân 
260 |c 2013 
300 |a 550tr. 
520 |a Trình bày tổng quan về kinh doanh dịch vụ; Kinh doanh dịch vụ Logistics; Kinh doanh dịch vụ du lịch quốc tế; Dịch vụ xuất khẩu lao động; Dịch vụ tài chính quốc tế; Kinh doanh dịch vụ bảo hiểm quốc tế 
650 |a Kinh doanh dịch vụ  |x Dịch vụ Logistics  |x Dịch vụ du lịch  |x Dịch vụ quốc tế 
700 |a Trường Đại học Kinh tế quốc dân. Viện thương mại và Kinh tế quốc tế 
856 |u http://lrc.tdmu.edu.vn/opac/search/detail.asp?aID=2&ID=31376 
980 |a Trung tâm Học liệu Trường Đại học Thủ Dầu Một